The Markey Scholars Conference : proceedings /

Bibliographic Details
Corporate Authors: Markey Scholars Conference Rio Grande, P.R., NetLibrary, Inc
Other Authors: Reinhart, George R. (George Ritter), 1942-
Format: Conference Proceeding eBook
Language:English
Published: Washington, DC : National Academies Press, [2004]
Subjects:
Online Access:Connect to the full text of this electronic book

MARC

Tag First Indicator Second Indicator Subfields
LEADER 00000cam a22000004a 4500
001 in00002035913
005 20220105142454.0
006 m d
007 cr cnu---unuuu
008 040812s2004 dcua s 100 0 eng d
020 |a 0309531012 (electronic bk.) 
035 |a (OCoLC)ocm56138677 
040 |a N$T  |c N$T  |d UtOrBLW 
049 |a IICN 
050 1 4 |a R852  |b .M37 2002eb 
082 0 4 |a 610.7  |2 22 
111 2 |a Markey Scholars Conference  |d (2002 :  |c Rio Grande, P.R.)  |0 http://id.loc.gov/authorities/names/no2004071883 
245 1 4 |a The Markey Scholars Conference :  |b proceedings /  |c George R. Reinhart, ed. 
264 1 |a Washington, DC :  |b National Academies Press,  |c [2004] 
264 4 |c ©2004 
300 |a x, 166 pages :  |b illustrations (some color) ;  |c 23 cm. 
336 |a text  |b txt  |2 rdacontent 
337 |a computer  |b c  |2 rdamedia 
338 |a online resource  |b cr  |2 rdacarrier 
500 |a "Committee for the Evaluation of the Lucille P. Markey Programs in Biomedical Sciences, Board on Higher Education and Workforce, Policy and Global Affairs Division, National Research Council of the National Academies." 
500 |a Conference held June 28-30, 2002. 
505 1 |a Selected invited conference papers -- Markey Scholars update / Krystyna Isaacs -- Ensuring the future participation of women in science, mathematics, and engineering / Shirley M. Tilghman -- The future of non-profit funding in biomedical research / Gerald M. Rubin -- New directions in genomic research / Janes D. Rowley -- Papers presented by Markey Scholars -- Functional genomics / George D. Yancopoulos -- Electrophysiology of synapses / Daniel V. Madison -- Transcription, chromatin assembly, and homologous recombination in chromatin / James T. Kadonaga -- The new biology / Danvid C. Schwartz --Signal transduction in bacteria / Ann Stock -- AAK1, a novel kinase that regulates cargo selection for clatherin-mediated endocytosis / Sandra Louise Schmid -- Abstracts of poster sessions -- Appendixes. 
530 |a Also available via the Internet. 
533 |a Electronic reproduction.  |b Boulder, Colo. :  |c NetLibrary,  |d 2004.  |n Available via World Wide Web.  |n Access may be limited to NetLibrary affiliated libraries. 
500 |a Electronic resource. 
610 2 0 |a Lucille P. Markey Charitable Trust.  |0 http://id.loc.gov/authorities/names/n89638097 
650 0 |a Medicine  |x Research  |v Congresses.  |0 http://id.loc.gov/authorities/subjects/sh2010101216 
650 0 |a Biology  |x Research  |v Congresses. 
655 7 |a Electronic books.  |2 local 
700 1 |a Reinhart, George R.  |q (George Ritter),  |d 1942-  |0 http://id.loc.gov/authorities/names/no00082084 
710 2 |a NetLibrary, Inc.  |0 http://id.loc.gov/authorities/names/no99080690 
776 1 |c Original  |z 030909173X  |z 0309531012  |w (OCoLC)55994014 
856 4 1 |u https://proxy.library.tamu.edu/login?url=http://www.netLibrary.com/urlapi.asp?action=summary&v=1&bookid=112060  |z Connect to the full text of this electronic book  |t 0 
994 |a 92  |b IIC 
999 |a MARS 
999 f f |s 5676dd77-8921-371b-be3a-2c910a4748f1  |i 5c0dde4a-75c4-3d6e-95f5-39ccae8c8e0e  |t 0 
952 f f |a Texas A&M University  |b College Station  |c Electronic Resources  |d Available Online  |t 0  |e R852 .M37 2002eb  |h Library of Congress classification 
998 f f |a R852 .M37 2002eb  |t 0  |l Available Online